000 00641nam a22002177a 4500
003 UA-OsUOA
001 76469
007 ta
008 20110705b un ||||| |||| 00| 0 ukr d
100 _aНовікова В.
090 _a32
_bН73
942 _cSA
040 _aUA-OsUOA
_bukr
_cUA-OsUOA
_dUA-OsUOA
245 _aДосвід протидії економічній злочинності у промисловому комплексі Донбасу в період непу
300 _aС.10-12
955 _a0
041 _aukr
080 _a32
773 0 _w76465
_tВіче
_dК.
_d2011
_g12
650 7 _a32 Політика
_2UDC
999 _c362769
_d362769